[Event "DSOL 2021"]
[Site "Germany"]
[Date "2021.02.10"]
[Round "3.4"]
[White "Brakemann, Werner"]
[Black "Sarré, Sascha"]
[Result "0-1"]
[WhiteElo "1688"]
[BlackElo "1620"]
[Annotator "NA RC"]
[PlyCount "114"]
[EventDate "2021.01.18"]
[EventType "team-tourn"]
[EventCountry "GER"]
[SourceTitle "playchess.com"]
[Source "ChessBase"]
[SourceQuality "1"]

1. c4 c5 2. Nc3 Nc6 3. Nf3 g6 4. g3 Bg7 5. Bg2 Nf6 6. O-O O-O 7. d4 cxd4 8. Nxd4 Nxd4 9. Qxd4 d6 10. Qd3 Nd7 11. b3 Nc5 12. Qc2 Bf5 13. Qd2 Qd7 14. Bb2 Rfe8 15. Rad1 Bh3 16. f3 Bxg2 17. Kxg2 a5 18. Nd5 Qc6 19. Bxg7 Kxg7 20. h4 h5 21. e4 a4 22. b4 Ne6 23. a3 Rac8 24. Rc1 b5 25. cxb5 Qxb5 26. Rxc8 Rxc8 27. Nxe7 Rc4 28. Nd5 Nd4 29. Rf2 f6 30. Qf4 Nf5 31. Nxf6 Kxf6 32. Qg5+ Kg7 33. exf5 Qxf5 34. Qe7+ Kh6 35. Qxd6 Rc2 36. Qd1 Rxf2+ 37. Kxf2 Qh3 38. Qd2+ Kh7 39. Qd6 Qh2+ 40. Ke3 Qc2 41. Qd7+ Kh6 42. Qd3 Qc1+ 43. Ke4 Qc6+ 44. Ke3 Qc1+ 45. Ke2 Qh1 46. b5 Qg2+ 47. Ke3 Qxg3 48. Qe4 Qg1+ 49. Kd3 Qb1+ 50. Kc4 Qb3+ 51. Kc5 Qxa3+ 52. Kc6 Qc3+ 53. Kb7 a3 54. b6 a2 55. Qd5 a1=Q 56. Qg5+ Kh7 57. Qe7+ Qg7 0-1

[Event "DSOL 2021"]
[Site "Germany"]
[Date "2021.02.10"]
[Round "3.4"]
[White "Ehrig, Leon Chris"]
[Black "SanChess12"]
[Result "1/2-1/2"]
[WhiteElo "1685"]
[BlackElo "1620"]
[Annotator "NA RC"]
[PlyCount "99"]
[EventDate "2021.01.18"]
[EventType "team-tourn"]
[EventCountry "GER"]
[SourceTitle "playchess.com"]
[Source "ChessBase"]
[SourceQuality "1"]

1. e4 c5 2. d4 cxd4 3. c3 d3 4. Bxd3 d6 5. Nf3 g6 6. O-O Bg7 7. Be3 Nf6 8. h3 Nc6 9. Nd4 O-O 10. Nd2 Bd7 11. Kh1 a6 12. f4 Rc8 13. Qe2 e5 14. Nxc6 Bxc6 15. fxe5 dxe5 16. Bg5 h6 17. Bxf6 Bxf6 18. Rf3 b5 19. Raf1 Bg7 20. Bc2 Qb6 21. Bb3 Rc7 22. Rg3 Bd7 23. Bd5 Be6 24. Rd3 Rd7 25. c4 Bxd5 26. cxd5 Rc8 27. a3 a5 28. Qg4 Qd6 29. Nb3 a4 30. Na5 Rc2 31. b4 axb3 32. Rxb3 Ra7 33. Nc6 Rxa3 34. Rxb5 Raa2 35. Rb8+ Bf8 36. Qf3 f5 37. Rd8 Qf6 38. Rg1 Rf2 39. Qg3 f4 40. Qg4 f3 41. Qe6+ Qxe6 42. dxe6 Kg7 43. e7 Bxe7 44. Nxe7 Rxg2 45. Rxg2 Rxg2 46. Rd3 Rg3 47. Kh2 Rg2+ 48. Kh1 Rg3 49. Kh2 Rg2+ 50. Kh1 1/2-1/2

[Event "DSOL 2021"]
[Site "Germany"]
[Date "2021.02.11"]
[Round "3.4"]
[White "Bede, Maxime"]
[Black "Stellmacher, Nico"]
[Result "1/2-1/2"]
[WhiteElo "1660"]
[BlackElo "1940"]
[Annotator "ChessBase"]
[PlyCount "82"]
[EventDate "2021.01.18"]
[EventType "team-tourn"]
[EventCountry "GER"]
[SourceTitle "playchess.com"]
[Source "ChessBase"]
[SourceQuality "1"]

1. e4 d6 2. Nf3 Nf6 3. Nc3 g6 4. d4 Bg7 5. Be2 O-O 6. O-O Nbd7 7. Be3 e5 8. d5 h6 9. Qd2 Ng4 10. h3 Nxe3 11. Qxe3 f5 12. Rad1 f4 13. Qd2 g5 14. Nh2 Nf6 15. Rc1 h5 16. Qd1 Qe8 17. b4 Qg6 18. f3 Bh6 19. Rb1 Rf7 20. a4 Rg7 21. a5 Kh7 22. b5 b6 23. a6 Bd7 24. Rb4 Rag8 25. Rf2 g4 26. hxg4 hxg4 27. fxg4 Nxg4 28. Nxg4 Bxg4 29. Bxg4 Qxg4 30. Qxg4 Rxg4 31. Rc4 R8g7 32. Kf1 Bg5 33. Rf3 Bh4 34. Rh3 Kg6 35. Ne2 Kh5 36. Rh2 Rf7 37. Rc3 Kg6 38. Rch3 Bg5 39. Rc3 Bh4 40. Rch3 Bg5 41. Rc3 Bh4 1/2-1/2

[Event "DSOL 2021"]
[Site "Germany"]
[Date "2021.02.08"]
[Round "3.4"]
[White "Hartewig, Anja"]
[Black "Koch, Peter"]
[Result "0-1"]
[WhiteElo "1653"]
[BlackElo "1620"]
[Annotator "NA RC"]
[PlyCount "84"]
[EventDate "2021.01.18"]
[EventType "team-tourn"]
[EventCountry "GER"]
[SourceTitle "playchess.com"]
[Source "ChessBase"]
[SourceQuality "1"]

1. d4 Nf6 2. c4 g6 3. Nf3 Bg7 4. g3 O-O 5. Bg2 d6 6. O-O c5 7. Nc3 cxd4 8. Nxd4 a6 9. b3 Nbd7 10. Bb2 Rb8 11. Rc1 Nc5 12. Qc2 Ne6 13. Nxe6 Bxe6 14. Rfd1 b5 15. cxb5 axb5 16. Nd5 Bxd5 17. Bxd5 Qb6 18. e4 e6 19. Bc6 Rfd8 20. e5 dxe5 21. Rxd8+ Rxd8 22. Qe2 Nd5 23. Qxb5 Qxb5 24. Bxb5 Rb8 25. Be2 Ra8 26. a4 Rb8 27. Bd1 Nb4 28. Rc4 f6 29. Bg4 f5 30. Bd1 Kf7 31. Rc7+ Kg8 32. Rc4 Nd3 33. Ba1 e4 34. Bxg7 Kxg7 35. Rc6 Kf6 36. a5 Ra8 37. a6 Nb4 38. Rc7 Rxa6 39. Be2 Ra1+ 40. Kg2 h5 41. Rb7 Nd3 42. Rd7 Nc5 0-1

[Event "DSOL 2021"]
[Site "Germany"]
[Date "2021.02.09"]
[Round "3.4"]
[White "Sabirov, Rafael"]
[Black "Jafarzadeh, Alireza"]
[Result "1-0"]
[WhiteElo "1635"]
[BlackElo "1620"]
[Annotator "NA RC"]
[PlyCount "107"]
[EventDate "2021.01.18"]
[EventType "team-tourn"]
[EventCountry "GER"]
[SourceTitle "playchess.com"]
[Source "ChessBase"]
[SourceQuality "1"]

1. e4 c5 2. Nc3 e5 3. Bc4 Nc6 4. d3 h6 5. f4 Nf6 6. Nf3 d6 7. h3 Be7 8. O-O a6 9. a4 O-O 10. Qe1 Be6 11. Bxe6 fxe6 12. fxe5 dxe5 13. Qg3 Nh5 14. Qg4 Nf4 15. Bxf4 exf4 16. Qxe6+ Kh8 17. Nd5 Bd6 18. Qg4 Ne7 19. Nh4 Kg8 20. Nxe7+ Bxe7 21. Nf5 g5 22. Nxh6+ Kg7 23. Nf5+ Kf7 24. Qh5+ Ke6 25. Rad1 Kd7 26. d4 c4 27. Qh7 Rh8 28. Qf7 Rc8 29. Qd5+ Kc7 30. Qxc4+ Kb8 31. Qd3 Qf8 32. Nxe7 Qxe7 33. c3 g4 34. hxg4 Qh4 35. Qh3 Qg5 36. Qf3 Rcf8 37. Kf2 Rh4 38. Rh1 Rxg4 39. Rh2 Rg3 40. Qe2 Re3 41. Qh5 Qg3+ 42. Kf1 f3 43. Qe5+ Qxe5 44. dxe5 Rxe4 45. g3 Re2 46. Rxe2 fxe2+ 47. Kxe2 Re8 48. Rd5 Kc7 49. c4 Kc6 50. Ke3 Re6 51. Rd6+ Rxd6 52. exd6 Kxd6 53. Kd4 Ke6 54. Kc5 1-0

[Event "DSOL 2021"]
[Site "Germany"]
[Date "2021.02.11"]
[Round "3.4"]
[White "Hilpert, Falk"]
[Black "Kasel, Alexander"]
[Result "1-0"]
[WhiteElo "1620"]
[BlackElo "1620"]
[Annotator "NA"]
[PlyCount "65"]
[EventDate "2021.01.18"]
[EventType "team-tourn"]
[EventCountry "GER"]
[SourceTitle "playchess.com"]
[Source "ChessBase"]
[SourceQuality "1"]

1. d4 Nf6 2. Bf4 e6 3. e3 c5 4. Nf3 Nc6 5. Nbd2 d5 6. Bb5 Bd7 7. O-O Be7 8. dxc5 Bxc5 9. Nb3 Bb6 10. c4 O-O 11. Rc1 Rc8 12. cxd5 Nxd5 13. Bd6 Re8 14. Qe2 a6 15. Bc4 Nce7 16. Be5 Ng6 17. Bxd5 exd5 18. Rxc8 Bxc8 19. Bd4 Bc7 20. Rc1 Bf5 21. Nc5 b6 22. Nxa6 Bd6 23. Qb5 Be4 24. Bxb6 Qe7 25. Bc7 Rc8 26. Qb7 Qd7 27. Rc6 Bxf3 28. gxf3 Bxh2+ 29. Kxh2 Ne5 30. Rd6 Nxf3+ 31. Kg3 Qf5 32. Rxd5 Qg5+ 33. Rxg5 1-0

[Event "DSOL 2021"]
[Site "Germany"]
[Date "2021.02.12"]
[Round "3.4"]
[White "Pradeep, Harshill"]
[Black "Burmeister, Georg"]
[Result "0-1"]
[WhiteElo "1620"]
[BlackElo "1620"]
[Annotator "NA RC"]
[PlyCount "54"]
[EventDate "2021.01.18"]
[EventType "team-tourn"]
[EventCountry "GER"]
[SourceTitle "playchess.com"]
[Source "ChessBase"]
[SourceQuality "1"]
[WhiteTeam "SK Bickenbach IV "]
[BlackTeam "SF Gern VII"]

1. e4 c5 2. Nf3 d6 3. c3 Nc6 4. Bb5 Bd7 5. d4 a6 6. Bxc6 Bxc6 7. d5 Bd7 8. O-O g6 9. Bg5 Bg7 10. Nbd2 Nf6 11. e5 dxe5 12. Nxe5 Nxd5 13. Nxd7 Qxd7 14. c4 Nc7 15. Re1 e6 16. Ne4 Rd8 17. Bxd8 Qxd8 18. Nd6+ Ke7 19. Nxb7 Qxd1 20. Raxd1 Bxb2 21. Nxc5 Bc3 22. Re3 Bb4 23. Rd7+ Kf6 24. Rxc7 Rd8 25. Ne4+ Kg7 26. Ng5 Rd1+ 27. Re1 Rxe1# 0-1

[Event "DSOL 2021"]
[Site "Germany"]
[Date "2021.02.12"]
[Round "3.4"]
[White "Schramm, Matthias"]
[Black "Oberling, Rudolf"]
[Result "1/2-1/2"]
[WhiteElo "1620"]
[BlackElo "1620"]
[Annotator "NA RC"]
[PlyCount "90"]
[EventDate "2021.01.18"]
[EventType "team-tourn"]
[EventCountry "GER"]
[SourceTitle "playchess.com"]
[Source "ChessBase"]
[SourceQuality "1"]
[WhiteTeam "SK Bad Homburg I "]
[BlackTeam "SV Walldorf I"]

1. c4 Nf6 2. Nc3 e5 3. Nf3 Nc6 4. Qc2 d6 5. e3 Bg4 6. Be2 Qd7 7. a3 a5 8. b3 Be7 9. Bb2 O-O 10. d3 Rfe8 11. h3 Be6 12. e4 h6 13. Nd5 Nh7 14. Nxe7+ Qxe7 15. g4 Ng5 16. h4 Nxf3+ 17. Bxf3 Qf6 18. Qe2 Nd4 19. Bxd4 exd4 20. O-O-O Qe5 21. Rdg1 b5 22. g5 bxc4 23. bxc4 Qf4+ 24. Kc2 Rab8 25. gxh6 Qxh6 26. Rg5 Rb6 27. Rxa5 Reb8 28. Rb5 Rxb5 29. cxb5 Rxb5 30. Rb1 Rxb1 31. Kxb1 Qxh4 32. a4 c5 33. Qb2 Qd8 34. Bd1 f5 35. f3 fxe4 36. fxe4 g5 37. Bb3 Bxb3 38. Qxb3+ Kg7 39. Qe6 Qb8+ 40. Ka2 Qb4 41. Qe7+ Kh8 42. Qf6+ Kh7 43. Qe7+ Kh8 44. Qf8+ Kh7 45. Qe7+ Kh8 1/2-1/2

[Event "DSOL 2021"]
[Site "Germany"]
[Date "2021.02.09"]
[Round "3.4"]
[White "Surmann, Christoph"]
[Black "Braeutigam, Martin"]
[Result "0-1"]
[WhiteElo "1620"]
[BlackElo "1691"]
[Annotator "NA RC"]
[PlyCount "54"]
[EventDate "2021.01.18"]
[EventType "team-tourn"]
[EventCountry "GER"]
[SourceTitle "playchess.com"]
[Source "ChessBase"]
[SourceQuality "1"]

1. d4 Nf6 2. c4 e6 3. Nc3 Bb4 4. Qc2 O-O 5. Nf3 d5 6. cxd5 exd5 7. Bg5 h6 8. Bxf6 Qxf6 9. e3 c6 10. Bd3 Be6 11. O-O Nd7 12. a3 Bd6 13. e4 dxe4 14. Nxe4 Qe7 15. Nxd6 Qxd6 16. Rfe1 Rad8 17. Rad1 Bg4 18. Re3 Nf6 19. h3 Bxf3 20. Rxf3 Rfe8 21. Bc4 Nd5 22. Ba2 Re7 23. Bb1 g6 24. h4 Rde8 25. Qd2 Re2 26. Qxh6 Re1+ 27. Rxe1 Rxe1# 0-1

[Event "DSOL 2021"]
[Site "Germany"]
[Date "2021.02.12"]
[Round "3.4"]
[White "Wobito, Philipp"]
[Black "Kupfer, Julius"]
[Result "0-1"]
[WhiteElo "1620"]
[BlackElo "1620"]
[Annotator "NA RC"]
[PlyCount "132"]
[EventDate "2021.01.18"]
[EventType "team-tourn"]
[EventCountry "GER"]
[SourceTitle "playchess.com"]
[Source "ChessBase"]
[SourceQuality "1"]
[WhiteTeam "SF Birkenfeld III "]
[BlackTeam "SF Gern VI"]

1. e4 d5 2. exd5 Nf6 3. d4 Nxd5 4. Nf3 Bg4 5. Be2 Nc6 6. O-O e6 7. Bd2 Bd6 8. Nc3 O-O 9. Nxd5 exd5 10. c4 Bxf3 11. Bxf3 dxc4 12. Bc3 Rb8 13. a4 Nb4 14. Be2 Re8 15. Bxc4 a6 16. Re1 Qh4 17. g3 Qg5 18. Bd2 Qg6 19. Rc1 b5 20. Bb3 Rxe1+ 21. Qxe1 Nd3 22. Qe3 Nxc1 23. Bxc1 bxa4 24. Bxa4 Qe6 25. Qxe6 fxe6 26. Kg2 Rb4 27. Bd7 e5 28. dxe5 Bxe5 29. Bc8 Bxb2 30. Bxb2 Rxb2 31. Bxa6 Kf7 32. Kf3 Kf6 33. Ke4 Rxf2 34. h4 Rd2 35. g4 g5 36. hxg5+ Kxg5 37. Kf3 c5 38. Kg3 Rd4 39. Bc8 c4 40. Bf5 c3 41. Bxh7 Rxg4+ 42. Kf3 Rd4 43. Ke3 Rd2 44. Bb1 c2 45. Bxc2 Rxc2 46. Kd3 Rf2 47. Ke3 Rf4 48. Kd3 Kf5 49. Ke3 Ke5 50. Kd3 Re4 51. Kc3 Kd5 52. Kd3 Ke5 53. Kc3 Rd4 54. Kb3 Kd5 55. Kc3 Kc5 56. Kb3 Rc4 57. Ka3 Rb4 58. Ka2 Kc4 59. Ka3 Kc3 60. Ka2 Rb3 61. Ka1 Kc2 62. Ka2 Kc3 63. Ka1 Rb8 64. Ka2 Rb7 65. Ka1 Kc2 66. Ka2 Ra7# 0-1

[Event "DSOL 2021"]
[Site "Germany"]
[Date "2021.02.12"]
[Round "3.4"]
[White "Xande25"]
[Black "Wehrstedt, Raphael"]
[Result "1-0"]
[WhiteElo "1620"]
[BlackElo "1620"]
[Annotator "NA RC"]
[PlyCount "107"]
[EventDate "2021.01.18"]
[EventType "team-tourn"]
[EventCountry "GER"]
[SourceTitle "playchess.com"]
[Source "ChessBase"]
[SourceQuality "1"]
[WhiteTeam "SF Gern I "]
[BlackTeam "SK Johanneum Eppendorf III"]

1. Nf3 Nf6 2. c4 g6 3. b3 Bg7 4. Bb2 O-O 5. g3 d5 6. d4 Bf5 7. Bg2 Qd6 8. O-O dxc4 9. bxc4 Nc6 10. Nc3 Qb4 11. Qb3 Rad8 12. d5 Qxb3 13. axb3 Nb4 14. Rxa7 Rb8 15. Ra4 Na6 16. b4 Bc2 17. Ra5 Nxb4 18. Ba3 Na6 19. Bxe7 Rfe8 20. d6 Ne4 21. Nxe4 Bxe4 22. e3 cxd6 23. Bxd6 Rbd8 24. c5 Bc3 25. Rb5 Bd3 26. Rxb7 Bxf1 27. Bxf1 Nb8 28. Bb5 Re4 29. Bxb8 Rb4 30. Bd6 Rb1+ 31. Kg2 h6 32. Bc6 Rxb7 33. Bxb7 Kg7 34. Be5+ Bxe5 35. Nxe5 Rb8 36. c6 f6 37. c7 Re8 38. Nc6 Kf7 39. c8=Q Rxc8 40. Bxc8 g5 41. Bf5 Kg7 42. Kf3 Kf7 43. Ke4 Kg7 44. g4 Kf7 45. Kd5 Kg7 46. Ke6 Kf8 47. Kxf6 Kg8 48. e4 h5 49. h3 hxg4 50. hxg4 Kh8 51. e5 Kg8 52. Bg6 Kf8 53. e6 Kg8 54. e7 1-0

[Event "DSOL 2021"]
[Site "Germany"]
[Date "2021.02.12"]
[Round "3.4"]
[White "Harder, Daniella"]
[Black "Mentlein, Horst"]
[Result "0-1"]
[WhiteElo "1604"]
[BlackElo "1742"]
[Annotator "NA RC"]
[PlyCount "100"]
[EventDate "2021.01.18"]
[EventType "team-tourn"]
[EventCountry "GER"]
[SourceTitle "playchess.com"]
[Source "ChessBase"]
[SourceQuality "1"]
[WhiteTeam "Königsspringer Hamburg "]
[BlackTeam "Lübecker SV"]

1. Nf3 Nf6 2. g3 g6 3. b3 Bg7 4. Bb2 O-O 5. Bg2 d6 6. d3 e5 7. O-O c6 8. c4 Re8 9. Nbd2 Nbd7 10. Re1 Qb6 11. h3 a5 12. a4 Nc5 13. Qc2 Bf5 14. e4 Bd7 15. Ba3 Qc7 16. Reb1 Na6 17. b4 axb4 18. Bxb4 Nxb4 19. Rxb4 Ra7 20. c5 dxc5 21. Qxc5 Rea8 22. Qxe5 Qc8 23. Qe7 Bf8 24. Qxf6 Bxb4 25. Ne5 Be6 26. Ndc4 Bxc4 27. Nxc4 Qd8 28. Qxd8+ Rxd8 29. Rb1 Bc5 30. Bf1 b6 31. Ne5 Rd6 32. Nc4 Rf6 33. Rb2 Rxa4 34. Nxb6 Rb4 35. Rxb4 Bxb4 36. Nc4 Be1 37. Bg2 Rxf2 38. e5 Rc2 39. Bxc6 Bxg3 40. Be4 Kf8 41. Ne3 Rc1+ 42. Kg2 Bxe5 43. Nc4 Bd4 44. Bd5 Ke7 45. Kf3 f5 46. Nd2 Be5 47. Nb3 Rf1+ 48. Ke2 Rb1 49. Nc5 Rb2+ 50. Ke3 Rh2 0-1

[Event "DSOL 2021"]
[Site "Germany"]
[Date "2021.02.08"]
[Round "3.4"]
[White "Schiermeyer, Lukas"]
[Black "Steinmüller, Alexander"]
[Result "1-0"]
[WhiteElo "1553"]
[BlackElo "1562"]
[Annotator "NA RC"]
[PlyCount "93"]
[EventDate "2021.01.18"]
[EventType "team-tourn"]
[EventCountry "GER"]
[SourceTitle "playchess.com"]
[Source "ChessBase"]
[SourceQuality "1"]

1. e4 e6 2. d4 d5 3. Nd2 Nc6 4. c3 e5 5. exd5 Qxd5 6. Ngf3 exd4 7. Bc4 Qf5 8. O-O Be6 9. Nxd4 Nxd4 10. cxd4 O-O-O 11. Bxe6+ fxe6 12. Qa4 Kb8 13. Nf3 Ne7 14. Bg5 h6 15. Bxe7 Bxe7 16. Rfe1 Bd6 17. Qc4 Qd5 18. Qxd5 exd5 19. Ne5 Rhf8 20. Nd3 Rde8 21. f3 b6 22. b4 a6 23. a4 Kb7 24. b5 Rxe1+ 25. Rxe1 axb5 26. axb5 Ra8 27. Ne5 Bb4 28. Rb1 Bc3 29. Nc6 Ra2 30. Rb3 Be1 31. Kf1 Bf2 32. Nb4 Rd2 33. Nxd5 Bxd4 34. Nf4 Be5 35. Nh5 Bxh2 36. Nxg7 Be5 37. Nf5 h5 38. g4 hxg4 39. fxg4 c5 40. Re3 Bf4 41. Re7+ Kc8 42. Re6 Kc7 43. Rc6+ Kb7 44. g5 Bxg5 45. Nd6+ Rxd6 46. Rxd6 Bd2 47. Rxd2 1-0

[Event "DSOL 2021"]
[Site "Germany"]
[Date "2021.02.09"]
[Round "3.4"]
[White "Fischer, Juliane"]
[Black "Birkner, Frank"]
[Result "0-1"]
[WhiteElo "1495"]
[BlackElo "1899"]
[Annotator "NA RC"]
[PlyCount "76"]
[EventDate "2021.01.18"]
[EventType "team-tourn"]
[EventCountry "GER"]
[SourceTitle "playchess.com"]
[Source "ChessBase"]
[SourceQuality "1"]

1. e4 c5 2. Nc3 e6 3. f4 a6 4. Nf3 Nc6 5. Bc4 b5 6. Be2 Bb7 7. d3 g6 8. O-O d6 9. Be3 Bg7 10. Qe1 Nd4 11. Qd2 Ne7 12. Bd1 O-O 13. Ne2 Nxf3+ 14. Rxf3 Bxb2 15. Rb1 Bg7 16. Ng3 f5 17. a4 b4 18. Rf1 a5 19. Bf3 Qc7 20. Ne2 Rfd8 21. Qe1 Rac8 22. Qh4 Rd7 23. Qg5 Bc6 24. h4 Bxa4 25. c3 Bc2 26. Rbc1 Bxd3 27. cxb4 axb4 28. exf5 Nxf5 29. Bd2 Qd8 30. Qxd8+ Rdxd8 31. h5 Nh4 32. Rce1 Nxf3+ 33. Rxf3 Bf5 34. hxg6 hxg6 35. Ng3 Bg4 36. Rd3 c4 37. Rde3 c3 38. Bc1 Bd4 0-1

[Event "DSOL 2021"]
[Site "Germany"]
[Date "2021.02.25"]
[Round "4.1"]
[White "Engel, Luis"]
[Black "Sawlin, Leonid"]
[Result "1-0"]
[WhiteElo "2553"]
[BlackElo "2385"]
[Annotator "TA"]
[PlyCount "51"]
[EventDate "2021.01.18"]
[EventType "team-tourn"]
[EventCountry "GER"]
[SourceTitle "playchess.com"]
[Source "ChessBase"]
[SourceQuality "1"]

1. e4 e6 2. d4 d5 3. Nd2 h6 4. Bd3 c5 5. dxc5 Bxc5 6. Ngf3 Nc6 7. a3 Nf6 8. Qe2 O-O 9. O-O a5 10. e5 Nd7 11. c4 Re8 12. Nb3 Bf8 13. Rd1 a4 14. Nbd4 Ndxe5 15. Nxe5 Nxd4 16. Qh5 Qc7 17. Nxf7 Qxf7 18. Bh7+ Kxh7 19. Qxf7 Ne2+ 20. Kf1 Rd8 21. Kxe2 b6 22. Rd3 Ba6 23. Rh3 Bxc4+ 24. Ke1 Kh8 25. Bxh6 gxh6 26. Rg3 1-0

[Event "DSOL 2021"]
[Site "Germany"]
[Date "2021.02.24"]
[Round "4.1"]
[White "Carow, Johannes"]
[Black "Haub, Thorsten Michael"]
[Result "1/2-1/2"]
[WhiteElo "2446"]
[BlackElo "2426"]
[Annotator "TA"]
[PlyCount "35"]
[EventDate "2021.01.18"]
[EventType "team-tourn"]
[EventCountry "GER"]
[SourceTitle "playchess.com"]
[Source "ChessBase"]
[SourceQuality "1"]

1. d4 g6 2. c4 Bg7 3. e4 d6 4. Nc3 c6 5. h3 a6 6. a4 a5 7. Nf3 Na6 8. Bg5 Nf6 9. Be2 O-O 10. O-O e5 11. d5 Bd7 12. dxc6 Bxc6 13. Nd5 Nc5 14. Nd2 Bxd5 15. exd5 h6 16. Be3 Nfd7 17. Rb1 f5 18. f3 1/2-1/2

[Event "DSOL 2021"]
[Site "Germany"]
[Date "2021.02.26"]
[Round "4.1"]
[White "Rosner, Jonas"]
[Black "Agopov, Mikael"]
[Result "1-0"]
[WhiteElo "2434"]
[BlackElo "2427"]
[Annotator "TA"]
[PlyCount "83"]
[EventDate "2021.01.18"]
[EventType "team-tourn"]
[EventCountry "GER"]
[SourceTitle "playchess.com"]
[Source "ChessBase"]
[SourceQuality "1"]
[WhiteTeam "SK Ettlingen I"]
[BlackTeam "SF Berlin I"]

1. d4 Nf6 2. Nf3 g6 3. g3 Bg7 4. Bg2 d5 5. O-O O-O 6. c4 dxc4 7. Na3 c3 8. bxc3 c5 9. Re1 Nd5 10. Bb2 Qa5 11. Qb3 Nb6 12. e4 Na4 13. Nc4 Qa6 14. Ba3 Nc6 15. d5 b5 16. dxc6 bxc4 17. Qc2 Bxc3 18. Bf1 Qa5 19. Rac1 Bxe1 20. Rxe1 c3 21. Bc1 Rb8 22. Bh6 Rb2 23. Qc1 Re8 24. Qf4 Nb6 25. Rd1 c4 26. Qc7 f6 27. e5 g5 28. exf6 Qc5 29. f7+ Kxf7 30. Nxg5+ Kg6 31. Ne4 Qf5 32. Be3 Qxe4 33. Rd4 Qf5 34. g4 Qf3 35. Qe5 Qf6 36. Qh5+ Kg7 37. Rf4 Qg6 38. Qe5+ Kg8 39. Bd4 Bf5 40. Rxf5 Qxg4+ 41. Kh1 Rb5 42. Qh8# 1-0

[Event "DSOL 2021"]
[Site "Germany"]
[Date "2021.02.26"]
[Round "4.1"]
[White "Sielecki, Christof"]
[Black "Faerber, David"]
[Result "1/2-1/2"]
[WhiteElo "2431"]
[BlackElo "2319"]
[Annotator "TA"]
[PlyCount "79"]
[EventDate "2021.01.18"]
[EventType "team-tourn"]
[EventCountry "GER"]
[SourceTitle "playchess.com"]
[Source "ChessBase"]
[SourceQuality "1"]
[WhiteTeam "SV Dinslaken"]
[BlackTeam "SV Walldorf I"]

1. Nf3 d5 2. e3 c5 3. b3 Nf6 4. Bb2 g6 5. c4 Bg7 6. cxd5 Qxd5 7. Nc3 Qd7 8. Bb5 Nc6 9. Ne5 Qd6 10. Bxc6+ bxc6 11. Na4 O-O 12. Rc1 Ne4 13. Nc4 Qd5 14. f3 Nd6 15. Bxg7 Kxg7 16. Na5 c4 17. Nxc4 Ba6 18. d3 Bxc4 19. dxc4 Qg5 20. Kf2 Nf5 21. Re1 Rad8 22. Qe2 e5 23. Nc3 Qe7 24. Ne4 Nd6 25. Nxd6 Rxd6 26. Red1 Rfd8 27. Rxd6 Qxd6 28. c5 Qd2 29. Rc2 Qb4 30. Rc4 Qd2 31. h4 h6 32. g4 f5 33. gxf5 gxf5 34. f4 exf4 35. Rxf4 Qc1 36. Rd4 Rxd4 37. exd4 Qf4+ 38. Kg2 Qxh4 39. Qe5+ Qf6 40. Qc7+ 1/2-1/2

[Event "DSOL 2021"]
[Site "Germany"]
[Date "2021.02.22"]
[Round "4.1"]
[White "Saraci, Nderim"]
[Black "Schmidt, Walter"]
[Result "1/2-1/2"]
[WhiteElo "2415"]
[BlackElo "1691"]
[Annotator "TA"]
[PlyCount "89"]
[EventDate "2021.01.18"]
[EventType "team-tourn"]
[EventCountry "GER"]
[SourceTitle "playchess.com"]
[Source "ChessBase"]
[SourceQuality "1"]

1. e4 c5 2. Nf3 e6 3. g3 Nc6 4. Bg2 Nf6 5. Nc3 d6 6. O-O Be7 7. d4 cxd4 8. Nxd4 O-O 9. Nxc6 bxc6 10. e5 dxe5 11. Bxc6 Rb8 12. Qxd8 Rxd8 13. Re1 Ba6 14. Rxe5 Bb4 15. Bf3 Rbc8 16. Re1 Bxc3 17. bxc3 Rxc3 18. Be3 Rxc2 19. Bxa7 Nd5 20. Rec1 Rdc8 21. Rxc2 Rxc2 22. a4 f6 23. h4 Kf7 24. a5 g6 25. Bg2 Ke7 26. Bf1 Rc6 27. Rb1 Bxf1 28. Kxf1 Kd7 29. Rb7+ Rc7 30. Rxc7+ Kxc7 31. Ke2 Kb7 32. Bd4 Ka6 33. Kd3 Kb5 34. g4 f5 35. gxf5 gxf5 36. Bg7 Kxa5 37. Kd4 Nf4 38. f3 Kb5 39. Ke5 Ng6+ 40. Kxe6 Nxh4 41. f4 Ng6 42. Kxf5 Nxf4 43. Kxf4 h5 44. Kg5 h4 45. Kxh4 1/2-1/2

[Event "DSOL 2021"]
[Site "Germany"]
[Date "2021.02.24"]
[Round "4.1"]
[White "Sahidi, Samir"]
[Black "Carlstedt, Jonathan"]
[Result "1-0"]
[WhiteElo "2407"]
[BlackElo "2451"]
[Annotator "TA"]
[PlyCount "65"]
[EventDate "2021.01.18"]
[EventType "team-tourn"]
[EventCountry "GER"]
[SourceTitle "playchess.com"]
[Source "ChessBase"]
[SourceQuality "1"]

1. d4 e6 2. Nf3 g6 3. e4 Bg7 4. Be2 Ne7 5. O-O O-O 6. Bf4 h6 7. h4 d6 8. Qd2 Kh7 9. Nc3 Nbc6 10. Rad1 Nxd4 11. Nxd4 e5 12. Bxe5 Bxe5 13. f4 Bf6 14. g3 c6 15. Kg2 Bd7 16. Nf3 d5 17. h5 Qc8 18. hxg6+ fxg6 19. Rh1 Bg7 20. Ne5 Be6 21. Bf3 Qc7 22. exd5 Nxd5 23. Ne4 Bf5 24. Ng5+ Kh8 25. Bxd5 cxd5 26. g4 Bxc2 27. Rc1 Rac8 28. Kg3 Qb6 29. Nef7+ Kg8 30. Nxh6+ Bxh6 31. Qxd5+ Kg7 32. Qd7+ Kf6 33. Nh7# 1-0

[Event "DSOL 2021"]
[Site "Germany"]
[Date "2021.02.26"]
[Round "4.1"]
[White "Lauer, Moritz"]
[Black "Donchenko, Alexander"]
[Result "1/2-1/2"]
[WhiteElo "2399"]
[BlackElo "2681"]
[Annotator "TA"]
[PlyCount "37"]
[EventDate "2021.01.18"]
[EventType "team-tourn"]
[EventCountry "GER"]
[SourceTitle "playchess.com"]
[Source "ChessBase"]
[SourceQuality "1"]
[WhiteTeam "SK Herzogenaurach I"]
[BlackTeam "SF Deizisau I"]

1. e4 c5 2. c3 Nf6 3. e5 Nd5 4. d4 cxd4 5. Nf3 d6 6. Qxd4 e6 7. Nbd2 Nc6 8. Bb5 Bd7 9. Bxc6 Bxc6 10. Nc4 dxe5 11. Ncxe5 Qb6 12. O-O f6 13. Nxc6 Qxc6 14. Re1 Bc5 15. Qg4 Kf7 16. b4 h5 17. Qe4 Bb6 18. b5 Qc8 19. c4 1/2-1/2

[Event "DSOL 2021"]
[Site "Germany"]
[Date "2021.02.24"]
[Round "4.1"]
[White "Krastev, Alexander"]
[Black "Boder, Jan"]
[Result "1-0"]
[WhiteElo "2367"]
[BlackElo "2186"]
[Annotator "TA"]
[PlyCount "101"]
[EventDate "2021.01.18"]
[EventType "team-tourn"]
[EventCountry "GER"]
[SourceTitle "playchess.com"]
[Source "ChessBase"]
[SourceQuality "1"]

1. e4 c5 2. Nf3 g6 3. d4 cxd4 4. Qxd4 Nf6 5. Nc3 Nc6 6. Qa4 d6 7. e5 dxe5 8. Nxe5 Qd4 9. Nxc6 Qxa4 10. Nxa4 bxc6 11. Be3 Bg7 12. O-O-O O-O 13. Bc4 Nd5 14. Bd2 Bf5 15. Rhe1 Bf6 16. h3 h5 17. Nc5 Rab8 18. Bb3 Rfd8 19. Ne4 Bxe4 20. Rxe4 e6 21. g4 hxg4 22. hxg4 c5 23. c3 Rd7 24. f4 Rbd8 25. f5 exf5 26. gxf5 Kg7 27. Rg4 Ne7 28. fxg6 fxg6 29. Be3 Rxd1+ 30. Bxd1 Rd5 31. Ra4 Nc6 32. Ra6 Re5 33. Bd2 Ne7 34. Rxa7 g5 35. a4 Re4 36. a5 g4 37. a6 g3 38. Bf3 Ra4 39. Be3 Ra5 40. Kd2 Kg6 41. Be4+ Kh5 42. Ke2 Kg4 43. Ra8 Ra2 44. Bxc5 Rxb2+ 45. Kd3 Rb3 46. Bb4 Rb1 47. a7 Rd1+ 48. Ke2 Ra1 49. Bxe7 g2 50. Bxg2 Ra2+ 51. Kd3 1-0